| 000 | 01903agaaa2200325 4500 | ||
|---|---|---|---|
| 001 | 2222 | ||
| 003 | IT-RoPAU | ||
| 005 | 20220918181258.0 | ||
| 007 | d cvaizq | ||
| 008 | 50131s9999||||xx ||| | || ||und|| | ||
| 040 |
_aIT-RoPAU _cIT-RoPAU |
||
| 041 | _aITALIANO | ||
| 100 |
_aAllen Woody _gCodice regista SPICS: 9980 _952281 |
||
| 130 |
_aOMBRE E NEBBIA _952282 |
||
| 240 |
_aSHADOW AND FOG _gT2755 |
||
| 245 |
_aOMBRE E NEBBIA _cProdotto da: Greenhut Robert -- Sceneggiatura: Allen Woody -- Diretto da: Allen Woody _pOMBRE E NEBBIA (Rif. Codice opera principale : C2222) |
||
| 246 | _aSHADOW AND FOG | ||
| 250 | _aEdizione Standard | ||
| 260 |
_a(USA) _bORION PICTURES / Distribuzione: COLUMBIA TRISTAR _g"1991 (1° ed.: 1994 ; Ed. Lingua Orig.: 1991)" |
||
| 300 |
_aVHS _bsonoro, col. _c104 minuti |
||
| 508 | _a"Fotografia: Di Palma Carlo; Montaggio: Morse Susan E.; Sceneggiatura: Allen Woody; " | ||
| 511 | _a"Allen Woody; Bates Kathy; Cusack John; Farrow Mia; Foster Jodie; Madonna " | ||
| 520 | _aGERMANIA ANNI '20. UN MISTERIOSO STRANGOLATORE SEMINA IL TERRORE IN UNA PICCOLA CITTADINA DI PROVINCIA. GLI ABITANTI ESASPERATI ORGANIZZANO UNA SPIETATA CACCCIA ALL'UOMO SOSPETTANDOSI A VICENDA. TRA GLI INDIZIATI ANCHE IL MITE E PAVIDO IMPIEGATO KLEINMANN. NEL FRATTEMPO IN CITTA' HA PIANTATO LE TENDE UN CIRCO. KLEINMANN OSSESSIONATO DAL PENSIERO DI ESSERE ADDITATO COME COLPEVOLE SI RIFUGIA TRA LE BRACCIA DELLA DOLCE MANGIATRICE DI SPADE IRMY. MAL'ASSASSINO E' IN AGGUATO. L'UOMO SI SALVERA' DAL MOSTRO E DAI SOSPETTI GRAZIE ALLE ILLUSIONI DI UN MAGO DEL CIRCO. FILM IN BIANCO E NERO. | ||
| 538 | _aPAL, STEREO | ||
| 546 | _aITALIANO | ||
| 650 |
_aDRAMMATICO _eFILMS [VHS] _xCodice MATERIA SPICS: 9960 _934083 |
||
| 700 |
_aAllen Woody _e(regista) _gCodice regista SPICS: 9980 _952283 |
||
| 700 |
_aAllen Woody _e(soggetto) _gCodice Soggetto SPICS: 9980 _952284 |
||
| 942 |
_cVH _2ddc |
||
| 999 |
_c107484 _d107484 |
||